| 000 | 00000nam 2200000zi 4500 |
| 001 | 9.936664 |
| 003 | CaOODSP |
| 005 | 20240522081940 |
| 006 | m o d f |
| 007 | cr cn||||||||| |
| 008 | 240411e202402##qucd ob f000 0 eng d |
| 020 | |a9780660713274 |
| 040 | |aCaOODSP|beng|erda|cCaOODSP |
| 043 | |an-cn--- |
| 086 | 1 |aEn4-705/2024E-PDF |
| 245 | 00|aFederal evaluation of the St. Lawrence Action Plan : |bfinal report / |cAudit and Evaluation Branch. |
| 264 | 1|a[Gatineau, Quebec] : |bEnvironment and Climate Change Canada = Environnement et changement climatique Canada, |cFebruary 2024. |
| 264 | 4|c©2024 |
| 300 | |a1 online resource (40 pages) : |bcharts |
| 336 | |atext|btxt|2rdacontent |
| 337 | |acomputer|bc|2rdamedia |
| 338 | |aonline resource|bcr|2rdacarrier |
| 500 | |aIssued also in French under title: Évaluation fédérale du Plan d'action Saint-Laurent : rapport final. |
| 500 | |aThe PDF copy has been replaced 17 May 2024 as requested by the publisher. |
| 504 | |aIncludes bibliographical references. |
| 610 | 20|aSt. Lawrence Action Plan 2011-2026 (Canada)|xEvaluation. |
| 650 | 0|aEcosystem management|zSaint Lawrence River|xEvaluation. |
| 710 | 1 |aCanada. |bEnvironment and Climate Change Canada. |bAudit and Evaluation Branch, |eissuing body. |
| 775 | 08|tÉvaluation fédérale du Plan d'action Saint-Laurent : |w(CaOODSP)9.936665 |
| 856 | 40|qPDF|s849 KB|uhttps://publications.gc.ca/collections/collection_2024/eccc/en4/En4-705-2024-eng.pdf |
| 986 | |aEC24013.01 |